00284nam a2200097Ia 4500020001800000082001500018245007500033260004600108300001000154700002200164 a1-888777-01-X aRR 423 NEW 0aNew international Webster's student dictionary of the English language aU.S.A.bTrident Press Internationalc1996 a863p. aLandau, Sidney I.